| 000 | 00879cam a22002531 4500 | ||
|---|---|---|---|
| 001 | ne 67002023 | ||
| 003 | DLC | ||
| 005 | 20260227111835.0 | ||
| 008 | 900711m19651969ua 000 0 arar | ||
| 010 | _ane 67002023 | ||
| 025 | _aPL480:UAR-7078 | ||
| 035 | _a(OCoLC)21989323 | ||
| 040 |
_aDLC _cWaU _dWaU _dDLC |
||
| 042 | _apremarc | ||
| 050 | 0 | 0 |
_aBP75.5 _b.K3 |
| 100 | 2 |
_aKāndihlawī al-Dihlawī, Muḥammad Yūsuf ibn Muḥammad Ilyās, _d1917-1965. |
|
| 245 | 1 | 0 |
_aḤayāt al-ṣaḥābah, _ctaʼlīf Muḥammad Yūsuf Najl Muḥammad Ilyās al-Kāndh́ilawī. |
| 250 | _aal-Ṭabʻah 2 | ||
| 260 |
_a[al-Qāhirah, _bMaktabat Dār al-ʻUrūbah, _c1965-69] |
||
| 300 |
_a3 v. _c24 cm. |
||
| 500 | _aVol. 2-3 have imprint: al-Qāhirah, Dār al-Naṣr lil-Ṭibāʻah. | ||
| 600 | 0 | 0 |
_aMuḥammad, _cProphet, _d-632 _xCompanions. |
| 600 | 0 | 0 |
_aMuḥammad, _cProphet, _d-632. |
| 999 |
_c49890 _d49890 |
||